Score 0/10 Timer 01:00
7 Plays Today
Clue 4-Letter Word % Correct
Udder-ly delicious dairy drinkMILK
99.4%
Fine fiber from cocoonsSILK
94.7%
Animator DisneyWALT
92.7%
Cease marchingHALT
90.9%
Mope aboutSULK
90.2%
'Can't Hardly ___'WAIT
88.1%
The frame or body of a shipHULL
84.4%
Appear impressively large or loomHULK
81.9%
Actor Anthony Michael ___HALL
81.5%
[First rung] to the FrenchLAIT
50%

Today's Daily Dose

Remove Ads.
Support Sporcle.
Get the best of Sporcle when you Go Orange. This ad-free experience offers more features, more stats, and more fun while also helping to support Sporcle. Thank you for becoming a member.

You're not logged in!

Compare scores with friends on all Sporcle quizzes.
OR
Log In

Show Comments

Extras

Top Quizzes Today


Score Distribution

Your Account Isn't Verified!

In order to create a playlist on Sporcle, you need to verify the email address you used during registration. Go to your Sporcle Settings to finish the process.

Report this User

Report this user for behavior that violates our Community Guidelines.

Details: